| 000 | 01891 a2200169 4500 | ||
|---|---|---|---|
| 003 | Nust | ||
| 005 | 20170207153338.0 | ||
| 040 | _cNust | ||
| 082 | _a537 | ||
| 100 | _aGhirardi, Alfred A. | ||
| 245 |
_aRadio physics course; _b an elementary text book on electricity and radio, _c Ghirardi, Alfred A |
||
| 260 |
_aNew York city, _b Radio technical publishing co., _c 1931. |
||
| 300 |
_a2 p.l., ix-xiv p., 1 l., 974 p. _b front., illus., diagrs. 24 cm. |
||
| 505 | _aRadio Broadcasting System (Page-1) Sound Speech and Music as Related to Broadcasting (Page-5) Electron Theory, Electric Current (Page-51) Electrical Circuits Electromagnetic Induction (Page-138) Inductance and Inductors (Page-166) Capacitance and Condensers (Page-184) Alternating Current Circuits (Page-221) Electric Filters (Page-252)Electrical Measuring Instruments (Page-271) Electromagnetic Radiations (Page-324) Radio Transmission The Broadcasting Station (Page-337) The Receiving Station Detection With Crystals (Page-361) Elementary Study of the Vacuum Tube (Page-383) Vacuum Tube Characteristics (Page- 406) Construction Features of Vacuum Tubes (Page-437) Vacuum Tube Detector and Amplifier Action (Page-490) Radio Frequency Amplification (Page-516) Super heterodyne Receives (Page-568) Design of R.F Amplifiers and Tunings and Tuning Coils (Page-586) Audio Amplification (Page-615) Loud Speakers (Page-685) The Battery Operated Receiver (Page-730) The Power Supply Unit (Page738) Electric Receivers (Page-765) Automobile and Aircraft Receivers (Page-778) Phonograph Pickups and Sound Amplifiers Systems (Page-792) Short Wave Reception (Page810) Vacuum Tube Applications and Photoelectric Cell (Page-835) Television (Page285) The Antenna and Ground (Page-887) Testing and Servicing (Page-889) Sound Motion Picture (Page912) | ||
| 538 | _aAlmirah No.17 Shelf No.1 | ||
| 650 | _aRadio physics course; | ||
| 942 |
_2ddc _cBK |
||
| 999 |
_c184187 _d184187 |
||